Central Library OPAC University of Rajshahi

The iceman cometh / (Record no. 76873)

MARC details
000 -LEADER
fixed length control field 00791nam a2200277 a 4500
001 - CONTROL NUMBER
control field 76873
003 - CONTROL NUMBER IDENTIFIER
rucl marc code BD-RjUL
005 - DATE AND TIME OF LATEST TRANSACTION
control field 20211209082911.0
008 - FIXED-LENGTH DATA ELEMENTS--GENERAL INFORMATION
fixed length control field 200128r19581947enk 000 0 eng d
020 ## - INTERNATIONAL STANDARD BOOK NUMBER
International Standard Book Number 022460550X
035 ## - SYSTEM CONTROL NUMBER
System control number oxf98420238
System control number (OCoLC)4200694
System control number (BD-RjUL)77097
040 ## - CATALOGING SOURCE
Original cataloging agency KKU
Transcribing agency KKU
Modifying agency m.c
-- EQO
-- BD-RjUL
Language of cataloging eng
041 ## - LANGUAGE CODE
Language code of text/sound track or separate title eng
082 ## - DEWEY DECIMAL CLASSIFICATION NUMBER
Edition number 23
Classification number 812.52
Author mark and year ONI 1958
100 1# - MAIN ENTRY--PERSONAL NAME
Personal name O'Neill, Eugene,
Dates associated with a name 1888-1953.
9 (RLIN) 238577
245 14 - TITLE STATEMENT
Title The iceman cometh /
Statement of responsibility, etc. by Eugene O'Neill.
260 ## - PUBLICATION, DISTRIBUTION, ETC. (IMPRINT)
Place of publication, distribution, etc. London :
Name of publisher, distributor, etc. J. Cape,
Date of publication, distribution, etc. 1947 [reprinted 1958]
300 ## - PHYSICAL DESCRIPTION
Pagination 224 p. ;
Size 20 cm.
650 ## - SUBJECT ADDED ENTRY--TOPICAL TERM
Topical term or geographic name as entry element Sales personnel
9 (RLIN) 238578
Topical term or geographic name as entry element Bars (Drinking establishments)
9 (RLIN) 238579
Topical term or geographic name as entry element American drama
9 (RLIN) 238580
942 ## - ADDED ENTRY ELEMENTS (KOHA)
Source of classification or shelving scheme Dewey Decimal Classification
Koha item type Books
Holdings
Lost status Source of classification or shelving scheme Damaged status Not for loan Collection code Permanent Location Current Location Shelving location Date acquired Source of acquisition Cost, normal purchase price Total Checkouts Full call number Date last seen Copy number Koha item type
  Dewey Decimal Classification   Not For Loan Non-fiction Central Library, University of Rajshahi Central Library, University of Rajshahi Reading Room 17/02/1965 Zeitlinger 18.00   812.52 ONI 1958 29/01/2020 C-1 Books